Wszyscy kierowcy F1 od sezonu 2012 - Statystyki

Ogólne statystyki
  • Ten quiz został rozwiązany 966 razy
    115 od ostatniego zresetowania
  • Średni wynik to 42 z 74
Statystyki odpowiedzi
SEZON NUMER KIEROWCA % Poprawnych
2007 - 2026 44 Lewis Hamilton
98%
2015 - 2026 3 Max Verstappen
96%
2001, 2003 - 2018, 2021 - 2026 14 Fernando Alonso
94%
2019 - 2026 1 Lando Norris
94%
2018 - 2026 16 Charles Leclerc
93%
2023 - 2026 81 Oscar Piastri
93%
2013 - 2024, 2026 77 Valtteri Bottas
93%
2007 - 2022 5 Sebastian Vettel
92%
2011 - 2024, 2026 11 Sergio Pérez
92%
2021 - 2025 22 Yūki Tsunoda
92%
2019 - 2026 63 George Russell
90%
2025 - 2026 6 Isack Hadjar
90%
2010, 2012 - 2020, 2022 - 2026 27 Nico Hülkenberg
90%
2017 - 2026 10 Pierre Gasly
90%
2025 - 2026 5 Gabriel Bortoleto
89%
2025 - 2026 12 Andrea Kimi Antonelli
88%
2016 - 2018, 2020 - 2026 31 Esteban Ocon
87%
2024 - 2026 43 Franco Colapinto
87%
2017 - 2026 18 Lance Stroll
87%
2024 - 2026 87 Oliver Bearman
87%
2006 - 2010, 2019, 2021 88 Robert Kubica
87%
2015 - 2026 55 Carlos Sainz
86%
1991 - 2006, 2010 - 2012 7 Michael Schumacher
85%
2021 - 2022 47 Mick Schumacher
85%
2019 - 2020, 2022 - 2026 23 Alexander Albon
82%
2023, 2024 - 2026 40 Liam Lawson
79%
2001 - 2009, 2012 - 2021 7 Kimi Räikkönen
75%
2026 41 Arvid Lindblad
73%
2024 - 2025 61 Jack Doohan
73%
2006 - 2016 6 Nico Rosberg
71%
2011 - 2022, 2023 - 2024 3 Daniel Ricciardo
70%
2021 9 Nikita Mazepin
68%
2000 - 2017 22 Jenson Button
67%
2014 - 2017, 2019 - 2020 26 Daniił Kwiat
65%
2020 - 2022 6 Nicholas Latifi
65%
2014 - 2020, 2022 - 2024 20 Kevin Magnussen
64%
2022 - 2024 24 Zhou Guanyu
62%
2002, 2004 - 2017 19 Felipe Massa
58%
2009, 2012 - 2020 8 Romain Grosjean
58%
2017, 2019 - 2021 99 Antonio Giovinazzi
55%
2023 - 2024 2 Logan Sargeant
54%
2002 - 2013 2 Mark Webber
51%
2022 - 2023 21 Nyck de Vries
48%
2014 - 2018 9 Marcus Ericsson
45%
2020 51 Pietro Fittipaldi
45%
2009 - 2012, 2014 10 Kamui Kobayashi
38%
2020 89 Jack Aitken
37%
2011 - 2015 13 Pastor Maldonado
36%
2013 - 2014 17 Jules Bianchi
35%
2018 35 Siergiej Sirotkin
33%
2017 - 2018 28 Brendon Hartley
32%
2016 - 2018 2 Stoffel Vandoorne
32%
2007 - 2013 7 Heikki Kovalainen
31%
2015 - 2016 12 Felipe Nasr
30%
2016 - 2017 30 Jolyon Palmer
29%
2016 - 2017 94 Pascal Wehrlein
29%
2010 - 2012 19 Bruno Senna
26%
2002, 2005 - 2006, 2010 - 2012 22 Pedro de la Rosa
26%
2007 - 2011, 2013 - 2014 99 Adrian Sutil
25%
2013 - 2014, 2016 21 Esteban Gutiérrez
25%
2011 - 2013, 2017 40 Paul di Resta
25%
2012 - 2014 25 Jean-Éric Vergne
23%
2016 88 Rio Haryanto
21%
2004, 2008 - 2012 24 Timo Glock
21%
2012 - 2013 20 Charles Pic
20%
2005, 2011 - 2012 23 Narain Karthikeyan
20%
2013 - 2014 4 Max Chilton
19%
2015 53 Alexander Rossi
17%
2015 98 Roberto Merhi
17%
2010 - 2012 21 Witalij Pietrow
15%
2013 21 Giedo van der Garde
14%
2014 - 2015 28 Will Stevens
14%
2011 - 2012 10 Jérôme d’Ambrosio
13%
2014 45 André Lotterer
11%
Nie znaleziono quizów pasujących do podanych kryteriów
Rozkład punktacji
Procent ludzi z każdym wynikiem
Percentyl według liczby udzielonych odpowiedzi
Twoja historia wyników
Nie rozwiązałeś tego quizu od ostatniego zresetowania